Bach por Bach. (Registro nro. 3293)

Detalles MARC
000 -LEADER
fixed length control field 01413nam a2200193 a 4500
008 - CAMPO DE CONTROL (LIBRO)
fixed length control field 161215e2018 ag |||g |||| 00| 1 spa d
020 ## - INTERNATIONAL STANDARD BOOK NUMBER
ISBN 9789507540462
041 ## - CODIGO DE IDIOMA
Código de idioma del texto/pista de sonido o título separado spa
092 ## - SIGNATURA TOPOGRAFICA DEWEY LOCAL
número de clasificación 615.882
libristica 6
sección BAC
100 1# - ENTRADA PRINCIPAL--NOMBRE PERSONAL
Nombre personal Bach, Edward
Título y otras palabras asociadas al nombre Dr.
9 (RLIN) 4341
245 ## - TITULO PROPIAMENTE DICHO
Título Bach por Bach.
Subtítulo y Título paralelo Obras completas. Escritos florales /
Mención de responsabilidad y remanente de la transcripción de la portada Edward Bach
250 ## - MENCION DE EDICION
Mención de edición 1a ed.
Mención de responsabilidad relacionada con la ed. Traducción Bárbara Espeche y Eduardo H. Grecco.
260 ## - PIE DE IMPRENTA
Lugar de publicación, distribución, etc Buenos Aires:
Nombre de la editorial, distribuidor, etc Continente;
Fecha de publicación 2018.
300 ## - DESCRIPCION FISICA
Extension 192 p.
Dimensiones 23x16 cm.
500 ## - NOTA GENERAL
Nota general Bach, E. (2018). Bach por Bach. (1a ed.). Buenos Aires : Continente.
505 ## - NOTA DE CONTENIDO
Nota de contenido formateada Los escritos florales del Dr. Edward Bach se encontraban sólo parcialmente traducidos al castellano. Bárbara Espeche y Eduardo H. Grecco, reconocidos especialistas en las terapias florales, han encarado una nueva y completa versión de estos escritos, enmarcándolos en el pensamiento de la época y desarrollando, al mismo tiempo, un aparato de lectura del texto de Bach. Le ofrecemos al lector este libro con la certeza de que él habrá de iluminar significativamente acerca del modo como Bach concebía su práctica curativa. "Detrás de toda enfermedad subyacen nuestros miedos, nuestras ansiedades, nuestra codicia, nuestras simpatías y antipatías; investiguemos estas emociones y curémoslas, puesto que con ellas desaparecerán también las dolencias que padecemos".
655 ## - MATERIA - GENERO/FORMA
Género/Forma Terapias florales
-- 4342
942 ## - ADDED ENTRY ELEMENTS (KOHA)
Source of classification or shelving scheme Dewey Decimal Classification
Item type LITERATURA
Existencias
Estado de retiro Existencia Fuente de clasificación Estado general No para prestamo Ubicación permanente ubicación actual Sala de ubicación Fecha de adquisición Fuente de adquisición Total Checkouts Número de clasificación Código de barras Date last seen Número de ejemplar Price effective from Koha tipo de elemento (item) Public note Coded location qualifier
    Dewey Decimal Classification     Biblioteca Medicina Biblioteca Medicina Circulación 25/07/2025 Donación Guerra, Valeria. Julio 2025.   615.882 6 BAC 5068 25/07/2025 Ej. 1 25/07/2025 LITERATURA Donación Guerra, Valeria. Julio 2025. Sede Tordos.  

UNIVERSIDAD NACIONAL DEL COMAHUE
Biblioteca de la Facultad de Ciencias Médicas
Sede Toschi: Los Arrayanes y Av. Toschi, Cipolletti  - Rio Negro
Sede Los Tordos:  Yrigoyen al 2211, Cipolletti - Rio Negro 

Teléfono: 0299 - 4774707 int 25
Contacto: biblioteca@facimed.uncoma.edu.ar
© 2011 - 2026